000 01112nam0a22002531 4500
001 rc\2201342
005 20091110175246.3
035 _a(NLR Aleph) 006435525
090 _a5589536
_c5589536
100 _a20091110d1979 |||y0rusy50 ca
101 0 _arus
102 _aRU
105 _ay c |||||
200 1 _aОрганизация работы педагогического совета в школе
_e(Метод. указания в помощь слушателям спецкурса по руководству соврем. школой)
_fМ-во просвещения УССР, Ворошиловгр. пед. ин-т им. Т.Г. Шевченко
_g[Сост.: доц. к. п. н. Матвейко А.А.]
210 _aВорошиловград
_cБ. и.
_d1979
215 _a38 с.
_d20
320 _aБиблиогр.: с. 36-37
702 1 _aМатвейко
_bА. А.
_4220
712 0 2 _aЛуганский пед. ин-т им. Т.Г.Шевченко
_3RU\NLR\AUTH\889929813
801 0 _aRU
_bNLR
_gpsbo
801 1 _aRU
_bELAR
_2rusmarc
852 _aNLR
_j80-4/6480
942 _cBOOK
980 _aNB